000 01115nam0a2200289 4500
001 RU\NLR\bibl\1222587
005 20260406055245.0
010 _a978-5-9717-0564-2
_95000
021 _aRU
_b2008-19054
_91042
035 _a(NLR Aleph) 001208925
090 _a65613
_c65613
100 _a20080505d2008 |||y0rusy50 ca
101 0 _arus
102 _aRU
105 _aa |||||||||
200 1 _aСтарая Ладога
_iКолесо ведьм
_fОльга Григорьева
_g[ил. Юрия Матросова]
210 _aСанкт-Петербург
_cКрылов
_d2008
215 _a343, [3] с.
_cил.
_d21
225 1 _aИсторическая авантюра
225 1 _aМужской клуб
700 1 _4070
_8rus
_7ca
_aГригорьева
_bО. А.
_cписатель
_f1966-
_gОльга Анатольевна
_3RU\NLR\AUTH\779660
_9119473
702 1 _4040
_8rus
_7ca
_aМатросов
_bЮ.
_cхудожник-иллюстратор
_gЮрий
_3RU\NLR\auth\7774289
_957217
801 0 _aRU
_bNLR
_c20080505
_gRCR
801 1 _aRU
_bNLR
_c20080505
942 _cBOOK
980 _aNB